=LDR 00000nam 2200000 4500 =001 INLIS000000000030828 =005 20200810081944 =035 ##$$a 0010-061300000030828 =008 200810################g##########0#ind## =041 ##$$a ind =082 ##$$a 2X4.12 =090 ##$$a 2X4.12 Bas a =100 1#$$a Basyir, Abu Umar =245 1#$$a Al-Khusyu : $b Kiat dahsyat melejitkan seluruh potensi diri menuju Kesempurnaan Sholat /$c Abu Umar Basyir =260 ##$$a Surabaya :$b Darul Kutub,$c 2007 =300 ##$$a 144 hlm, ; $c 21 X 14 cm. =650 #4$$a Sholat =850 ##$$a NBPNMAT =084 ##$$a 2X4.12 BAS a =250 ##$$a cet.1 =020 ##$$a 978-979-16684-1-5 =990 ##$$a 20901031 =990 ##$$a 20901029 =990 ##$$a 20901032 =990 ##$$a 20901030